Minecraft Biomes - Statistics

General Stats
  • This quiz has been taken 22 times
  • The average score is 33 of 88
Answer Stats
Hint Answers % Correct
Temperate/lush Forest
94%
Dry/warm Desert
88%
End The End
81%
Temperate/lush Jungle
75%
Ocean Ocean
75%
Temperate/lush Plains
75%
Dry/warm Savanna
75%
Cold Taiga
75%
Dry/warm Badlands
69%
Temperate/lush Birch Forest
63%
Ocean Warm Ocean
63%
Nether Warped Forest
63%
Ocean Cold Ocean
56%
Nether Crimson Forest
56%
Ocean Deep Cold Ocean
56%
Ocean Deep Lukewarm Ocean
56%
Ocean Lukewarm Ocean
56%
Cold Mountains
56%
Temperate/lush Mushroom Fields
56%
Snowy Snowy Tundra
56%
Temperate/lush Bamboo Jungle
50%
Ocean Deep Ocean
50%
Ocean Deep Warm Ocean
50%
Ocean Frozen Ocean
50%
Snowy Ice Spikes
50%
Underground Lush caves
50%
Nether Nether Wastes
50%
Snowy Snowy Taiga
50%
Nether Soul Sand Valley
50%
Nether Basalt Deltas
44%
Temperate/lush Beach
44%
Ocean Deep Frozen Ocean
44%
End End Highlands
44%
End End Midlands
44%
Dry/warm Eroded Badlands
44%
Snowy Frozen River
44%
Temperate/lush River
44%
Dry/warm Shattered Savanna
44%
Cold Stone Shore
44%
Temperate/lush Dark Forest
38%
Temperate/lush Flower Forest
38%
Temperate/lush Jungle Edge
38%
Temperate/lush Sunflower Plains
38%
Temperate/lush Swamp
38%
Neutral The Void
38%
Removed Tundra
38%
Dry/warm Badlands Plateau
31%
Dry/warm Desert Hills
31%
Upcoming Dripstone caves‌
31%
Cold Gravelly Mountains
31%
Cold Gravelly Mountains+
31%
Temperate/lush Jungle Hills
31%
Temperate/lush Modified Jungle
31%
Temperate/lush Modified Jungle Edge
31%
Dry/warm Savanna Plateau
31%
Snowy Snowy Beach
31%
Snowy Snowy Mountains
31%
Cold Taiga Hills
31%
Dry/warm Wooded Badlands Plateau
31%
Temperate/lush Birch Forest Hills
25%
Temperate/lush Dark Forest Hills
25%
Dry/warm Desert Lakes
25%
End End Barrens
25%
Dry/warm Shattered Savanna Plateau
25%
Temperate/lush Swamp Hills
25%
Temperate/lush Tall Birch Forest
25%
Cold Wooded Mountains
25%
Temperate/lush Bamboo Jungle Hills
19%
Dry/warm Modified Badlands Plateau
19%
Temperate/lush Mushroom Field Shore
19%
End Small End Islands
19%
Snowy Snowy Taiga Hills
19%
Temperate/lush Wooded Hills
19%
Cold Giant Spruce Taiga
13%
Cold Giant Spruce Taiga Hills
13%
Cold Giant Tree Taiga
13%
Snowy Snowy Taiga Mountains
13%
Cold Taiga Mountains
13%
Temperate/lush Tall Birch Hills
13%
Underground Deep dark biome
6%
Cold Giant Tree Taiga Hills
6%
Removed Ice Desert
6%
Underground Mesh caves
6%
Dry/warm Modified Wooded Badlands Plateau
6%
Cold Mountain Edge
6%
Removed Rain Forest
6%
Removed Seasonal Forest
6%
Removed Shrubland
6%
No matching quizzes found
Score Distribution
Percent of People with Each Score
Percentile by Number Answered
Your Score History
You have not taken this quiz